|
|
|
|
| LEADER |
00885nam a2200265 a 4500 |
| 001 |
001321271 |
| 003 |
CZ BrMZK |
| 005 |
20130925123716.0 |
| 007 |
ta |
| 008 |
130828s2012 xxk g 000 f eng |
| 020 |
|
|
|a 978-1-444-70485-3
|q (brož.)
|
| 040 |
|
|
|a BOA001
|b cze
|
| 072 |
|
7 |
|a 821.111-3
|x Anglická próza, anglicky psaná
|2 Konspekt
|9 25
|
| 080 |
|
|
|a 821.111-31
|2 MRF
|
| 080 |
|
|
|a (0:82-312.4)
|2 MRF
|
| 100 |
1 |
|
|a Robinson, Peter,
|d 1950-
|7 mzk2005286608
|4 aut
|
| 245 |
1 |
0 |
|a Before the poison /
|c Peter Robinson
|
| 260 |
|
|
|a London :
|b Hodder,
|c 2012
|
| 300 |
|
|
|a [6], 346 s. ;
|c 20 cm
|
| 655 |
|
7 |
|a anglické romány
|7 fd131814
|2 czenas
|
| 655 |
|
7 |
|a detektivní romány
|7 fd132010
|2 czenas
|
| 910 |
|
|
|a BOA001
|b 1-1307.827
|
| 990 |
|
|
|a BK
|
| 991 |
|
|
|b 201309
|e b
|x 99
|
| 996 |
7 |
|
|b 2610560312
|c 1-1307.827
|l Anglická knihovna/2.patro
|r ZHR
|n 6
|p dar
|h F-rob
|w 001356638
|u 000010
|a 0
|e BOA001
|j MZK50
|s A
|